00970nam a2200253 a 450000100100000000500170001000800410002704000250006808200230009310000490011624501090016525000110027426000350028530000270032049000480034750000330039565000300042865000420045883000560050091000070055604900090056395201270057299900170069900001997620200929170220.0100709s1969 sp 001 e spa d aDO-SdBNPbspacBNPHU a864.6bM542g, 19691 aMenéndez Pidal, Ramón,d1869-1968.9390214aLos godos y la epopeya española :bchansons de geste y baladas nórdicas /cRamón Menéndez Pidal. a2a ed. aMadrid :bEspasa-Calpe,c1969. a255, [16] p. ;c18 cm.1 aAustral. Verde: ensayos y filosofíav1275 aIncluye índice de autores. 4aEnsayos españoles93095 4aLiteratura españolaySIGLO XX93326 0aAustral.pVerde: ensayos y filosofía.v127598733 aWM aBNGR 001054708MOaGRbGRcHDd2010-07-09iLF1l0o864.6 M542g, 1969p19976-10r2020-06-25w2020-06-25y4ZPréstamo en sala c19489d19489